LEADER 00870nam0-2200313---450- 001 990009890990403321 005 20140731130814.0 035 $a000989099 035 $aFED01000989099 035 $a(Aleph)000989099FED01 035 $a000989099 100 $a20140731f19851988km-y0itay50------ba 101 0 $aita 102 $aIT 105 $aa-------001yy 200 1 $aVivere nell'antico Egitto$fEdda Bresciani 210 $aNovara$cIstituto geografico De Agostini$d[198.] 215 $a66 p.$cill.$d29 cm 225 1 $aArcheo dossier$v22 610 0 $aEgitto antico$aVita sociale 676 $a932.01 700 1$aBresciani,$bEdda$f<1930- >$039794 801 0$aIT$bUNINA$gRICA$2UNIMARC 901 $aBK 912 $a990009890990403321 952 $a932.01 BRE 1$bbibl.$fFLFBC 959 $aFLFBC 996 $aVivere nell'antico Egitto$9829688 997 $aUNINA LEADER 01832nam 2200433 a 450 001 9910699034203321 005 20100226095000.0 035 $a(CKB)5470000002399546 035 $a(OCoLC)529841098 035 $a(OCoLC)995470000002399546 035 $a(EXLCZ)995470000002399546 100 $a20100226d2005 ua 0 101 0 $aeng 135 $aurmn||||||||| 181 $ctxt$2rdacontent 182 $cc$2rdamedia 183 $acr$2rdacarrier 200 10$aEconomic analysis of protection of essential fish habitat in Alaskan fisheries$b[electronic resource] $ean analysis of research needs /$fby D.S. Holland 210 1$aSeattle, Wash. :$cU.S. Dept. of Commerce, National Oceanic and Atmospheric Administration, National Marine Fisheries Service, Alaska Fisheries Science Center,$d[2005] 215 $a1 online resource (v, 39 pages) 225 1 $aNOAA technical memorandum NMFS-AFSC ;$v154 300 $aTitle from title screen (viewed on Feb. 25, 2010). 300 $a"August 2005." 320 $aIncludes bibliographical references. 517 $aEconomic analysis of protection of essential fish habitat in Alaskan fisheries 606 $aFishes$xHabitat$xConservation$xEconomic aspects$zAlaska 606 $aFishery management$xEconomic aspects$zAlaska 606 $aFish habitat improvement$xEconomic aspects$zAlaska 615 0$aFishes$xHabitat$xConservation$xEconomic aspects 615 0$aFishery management$xEconomic aspects 615 0$aFish habitat improvement$xEconomic aspects 700 $aHolland$b Daniel S$0261066 712 02$aAlaska Fisheries Science Center (U.S.) 801 0$bGPO 801 1$bGPO 906 $aBOOK 912 $a9910699034203321 996 $aEconomic analysis of protection of essential fish habitat in Alaskan fisheries$93468085 997 $aUNINA